[Event "Nezhmetdinov Memorial 37th"]
[Site "Kazan"]
[Date "2015.06.08"]
[Round "9"]
[White "Belova, Olga"]
[Black "Puzko, Danila"]
[Result "1-0"]
[WhiteElo "1993"]
[BlackElo "2306"]
[PlyCount "117"]
[EventDate "2015.05.31"]
[EventType "swiss"]
[EventRounds "9"]
[EventCountry "RUS"]
[SourceTitle "CBM 166 Extra"]
[Source "ChessBase"]
[SourceDate "2015.06.18"]
[SourceVersion "1"]
[SourceVersionDate "2015.06.18"]
[SourceQuality "1"]

1. e4 e6 2. d4 d5 3. Nc3 Bb4 4. Nge2 dxe4 5. a3 Bxc3+ 6. Nxc3 Nc6 7. d5 exd5 8. Qxd5 Qxd5 9. Nxd5 Nd4 10. Nxc7+ Kd8 11. Nxa8 Nxc2+ 12. Kd1 Nxa1 13. Bf4 Bg4+ 14. Be2 Bxe2+ 15. Kxe2 Nb3 16. Rd1+ Ke7 17. Nc7 Nf6 18. Bd6+ Kd7 19. Be5+ Kc6 20. Bxf6 gxf6 21. Nd5 Kd6 22. Nc3+ Ke5 23. Rd7 b6 24. Re7+ Kf5 25. Nxe4 Rd8 26. f3 Nc1+ 27. Ke3 Rd3+ 28. Kf2 Rb3 29. Rxf7 Rxb2+ 30. Ke3 Rb3+ 31. Kd2 Nd3 32. Rxa7 Nc5 33. Nxc5 bxc5 34. Rxh7 c4 35. a4 Ra3 36. a5 Ke5 37. Rc7 Kd4 38. Rd7+ Kc5 39. Rc7+ Kd4 40. Rd7+ Kc5 41. Rf7 Kd4 42. Rxf6 Ra2+ 43. Kd1 Rxg2 44. h4 Rh2 45. a6 Rxh4 46. a7 Rh1+ 47. Kc2 Ra1 48. Rf7 Ra2+ 49. Kb1 Ra5 50. Kb2 Kd3 51. Rd7+ Ke3 52. Kc3 Ra4 53. Rf7 Ke2 54. f4 Ke3 55. Rc7 Ra3+ 56. Kb4 Ra1 57. f5 c3 58. Rxc3+ Kf4 59. Ra3 1-0

[Event "Nezhmetdinov Memorial 37th"]
[Site "Kazan"]
[Date "2015.06.04"]
[Round "5"]
[White "Gordievsky, Dmitry"]
[Black "Puzko, Danila"]
[Result "1-0"]
[WhiteElo "2480"]
[BlackElo "2306"]
[PlyCount "33"]
[EventDate "2015.05.31"]
[EventType "swiss"]
[EventRounds "9"]
[EventCountry "RUS"]
[SourceTitle "CBM 166 Extra"]
[Source "ChessBase"]
[SourceDate "2015.06.18"]
[SourceVersion "1"]
[SourceVersionDate "2015.06.18"]
[SourceQuality "1"]

1. d4 Nf6 2. Nf3 e6 3. c4 b6 4. g3 Ba6 5. Qc2 Bb7 6. Bg2 c5 7. d5 exd5 8. cxd5 Nxd5 9. 0-0 Nc7 10. Nc3 Be7 11. Bf4 Ne6 12. Rad1 Nxf4 13. gxf4 Nc6 14. Ne5 Nxe5 15. Bxb7 Rb8 16. Qe4 Ng4 17. Rxd7 1-0

[Event "Nezhmetdinov Memorial 37th"]
[Site "Kazan"]
[Date "2015.06.03"]
[Round "4"]
[White "Puzko, Danila"]
[Black "Skatchkov, Valery"]
[Result "1-0"]
[WhiteElo "2306"]
[BlackElo "1846"]
[PlyCount "169"]
[EventDate "2015.05.31"]
[EventType "swiss"]
[EventRounds "9"]
[EventCountry "RUS"]
[SourceTitle "CBM 166 Extra"]
[Source "ChessBase"]
[SourceDate "2015.06.18"]
[SourceVersion "1"]
[SourceVersionDate "2015.06.18"]
[SourceQuality "1"]

1. d4 d5 2. Nf3 Nf6 3. c4 e6 4. Bg5 c6 5. Nc3 Nbd7 6. cxd5 exd5 7. e3 Be7 8. Bd3 0-0 9. Qc2 Re8 10. 0-0 h6 11. Bh4 Ne4 12. Bxe7 Qxe7 13. Nd2 Ndf6 14. Rae1 Bf5 15. Nb3 Qd6 16. f3 Nxc3 17. bxc3 Bxd3 18. Qxd3 b6 19. c4 dxc4 20. Qxc4 Nd5 21. e4 Nf4 22. g3 Nh3+ 23. Kg2 Ng5 24. Qe2 a5 25. Qf2 a4 26. Nc1 Rad8 27. Rd1 Qg6 28. Rfe1 b5 29. Nd3 Ne6 30. Ne5 Nf4+ 31. Kf1 Nh3 32. Nxg6 Nxf2 33. Kxf2 fxg6 34. Ke3 Rd6 35. Rc1 Red8 36. Red1 b4 37. Rc4 b3 38. Rxa4 b2 39. Rb1 Rb8 40. Ra3 Rb4 41. Rb3 Rbxd4 42. R1xb2 Rd1 43. Rc3 g5 44. Rcc2 R1d3+ 45. Ke2 Ra3 46. Rb3 Ra4 47. g4 Kf7 48. Rd3 Ke6 49. Rdc3 Kf7 50. a3 c5 51. Rxc5 Rda6 52. Rc7+ Kg8 53. Rc8+ Kh7 54. R8c3 Rxa3 55. Rxa3 Rxa3 56. Kf2 Kg6 57. Rc6+ Kf7 58. Kg3 Rb3 59. Rc7+ Kf6 60. Rc5 Ra3 61. Rf5+ Ke7 62. Rb5 Kf6 63. Rb6+ Kf7 64. Rb2 Kf6 65. Re2 Ke5 66. Rf2 Rb3 67. Re2 Rd3 68. Rb2 Kf6 69. Rb7 Rc3 70. e5+ Kg6 71. Rb4 Re3 72. Re4 Rxe4 73. fxe4 Kf7 74. Kf3 Ke6 75. Ke3 Kxe5 76. h3 g6 77. Kd3 h5 78. Ke3 h4 79. Kd3 Kf4 80. Kd4 Kg3 81. e5 Kxh3 82. e6 Kg2 83. e7 h3 84. e8Q h2 85. Qe2+ 1-0

[Event "Viljandi Raud Memorial 48th"]
[Site "Viljandi"]
[Date "2014.07.06"]
[Round "9"]
[White "Dubrovin, Robert"]
[Black "Puzko, Danila"]
[Result "1/2-1/2"]
[WhiteElo "2227"]
[BlackElo "2110"]
[PlyCount "32"]
[EventDate "2014.06.30"]
[EventType "swiss"]
[EventRounds "9"]
[EventCountry "EST"]
[SourceTitle "CBM 161 Extra"]
[Source "ChessBase"]
[SourceDate "2014.08.29"]
[SourceVersion "1"]
[SourceVersionDate "2014.08.29"]
[SourceQuality "1"]

1. Nf3 Nf6 2. c4 g6 3. Nc3 Bg7 4. e4 d6 5. d4 0-0 6. Be2 e5 7. 0-0 exd4 8. Nxd4 Re8 9. f3 c6 10. Kh1 Nbd7 11. Bg5 Qb6 12. Nb3 a5 13. Qd2 a4 14. Be3 Qd8 15. Nd4 Nc5 16. Rad1 Nfd7 1/2-1/2

[Event "Rilton Cup 43rd"]
[Site "Stockholm"]
[Date "2014.01.03"]
[Round "7"]
[White "Jacobsen, Bo"]
[Black "Puzko, Danila"]
[Result "0-1"]
[WhiteElo "2302"]
[BlackElo "2129"]
[PlyCount "60"]
[EventDate "2013.12.27"]
[EventType "swiss"]
[EventRounds "9"]
[EventCountry "SWE"]
[SourceTitle "CBM 158 Extra"]
[Source "ChessBase"]
[SourceDate "2014.02.28"]
[SourceVersion "1"]
[SourceVersionDate "2014.02.28"]
[SourceQuality "1"]

1. Nf3 Nf6 2. c4 g6 3. g3 Bg7 4. Bg2 0-0 5. 0-0 d6 6. Nc3 Nc6 7. Rb1 a5 8. d3 e5 9. a3 Re8 10. Bg5 h6 11. Bxf6 Bxf6 12. b4 axb4 13. axb4 Bg7 14. b5 Ne7 15. Nd2 c6 16. Qb3 Be6 17. Ra1 Qd7 18. Ra4 Rxa4 19. Qxa4 Rd8 20. Nb3 Bh3 21. Bxh3 Qxh3 22. Qa7 Qc8 23. bxc6 Nxc6 24. Qb6 f5 25. Nd5 Kh7 26. e3 g5 27. f4 exf4 28. gxf4 gxf4 29. exf4 Qe6 30. Qxb7 Rb8 0-1

[Event "Berekfurdo tt"]
[Site "Berekfurdo"]
[Date "2013.10.04"]
[Round "3.1"]
[White "Drozniak, Stanislaw"]
[Black "Puzko, Danila"]
[Result "0-1"]
[WhiteElo "1475"]
[BlackElo "2084"]
[PlyCount "82"]
[EventDate "2013.10.03"]
[EventType "team-tourn"]
[EventRounds "7"]
[EventCountry "HUN"]
[SourceTitle "CBM 156 Extra"]
[Source "ChessBase"]
[SourceDate "2013.10.22"]
[SourceVersion "1"]
[SourceVersionDate "2013.10.22"]
[SourceQuality "1"]
[WhiteTeam "Jastrzebie Zdroj"]
[BlackTeam "St Petersburg"]
[WhiteTeamCountry "POL"]
[BlackTeamCountry "RUS"]

1. e4 e6 2. d4 d5 3. Nc3 Bb4 4. e5 c5 5. a3 Bxc3+ 6. bxc3 Ne7 7. a4 Qa5 8. Bd2 Nbc6 9. Nf3 Bd7 10. Bd3 c4 11. Be2 0-0-0 12. Qc1 Qc7 13. Ng5 Rdf8 14. f4 f6 15. Nf3 h6 16. h4 Nf5 17. Rh3 h5 18. Qa3 Nce7 19. a5 Be8 20. Bc1 Nh6 21. Nh2 Bg6 22. Qa2 Be4 23. Bf3 Bf5 24. Rg3 Ng6 25. Ba3 Rfg8 26. Bd6 Qc6 27. Bc5 Kb8 28. Rxg6 Bxg6 29. Nf1 fxe5 30. fxe5 Nf7 31. Qa3 Bxc2 32. Nd2 Bd3 33. Bd1 g5 34. Qb4 gxh4 35. Ba4 Qc7 36. Kf2 Ka8 37. Nf3 Ng5 38. Bd6 Ne4+ 39. Ke3 Qg7 40. Nxh4 Qg5+ 41. Kf3 Qg3# 0-1

[Event "Porto Mannu op 5th"]
[Site "Porto Mannu"]
[Date "2013.06.01"]
[Round "1"]
[White "Puzko, Danila"]
[Black "Vallifuoco, Giovanni"]
[Result "1/2-1/2"]
[WhiteElo "2018"]
[BlackElo "2177"]
[PlyCount "80"]
[EventDate "2013.06.01"]
[EventType "swiss"]
[EventRounds "9"]
[EventCountry "ITA"]
[SourceTitle "CBM 154 Extra"]
[Source "ChessBase"]
[SourceDate "2013.06.25"]
[SourceVersion "2"]
[SourceVersionDate "2013.06.25"]
[SourceQuality "1"]

1. e4 c5 2. c3 d5 3. exd5 Qxd5 4. d4 e6 5. Nf3 Nf6 6. Be2 Be7 7. 0-0 cxd4 8. cxd4 Nc6 9. Nc3 Qd6 10. Bg5 0-0 11. Qd2 b6 12. Bf4 Qd8 13. Rfd1 Bb7 14. Rac1 Nb4 15. Bg3 Nbd5 16. Ne5 Bb4 17. Bd3 Rc8 18. a3 Nxc3 19. bxc3 Qd5 20. Nf3 Bxa3 21. Ra1 Qb3 22. c4 Be4 23. Qe2 Qb2 24. Qe3 Bxd3 25. Qxd3 Bb4 26. Bd6 Bxd6 27. Rdb1 Qxb1+ 28. Rxb1 Rc7 29. g3 Rfc8 30. Rc1 a5 31. Qb3 Bb4 32. Kg2 b5 33. c5 Nd5 34. Ne5 a4 35. Qb2 Rb8 36. Nd3 Ba5 37. Ne5 Bb4 38. Nd3 Ba5 39. Ne5 Bb4 40. Nd3 Ba5 1/2-1/2

[Event "Chigorin Memorial 20th"]
[Site "St Petersburg"]
[Date "2012.11.02"]
[Round "7"]
[White "Matveeva, Olga"]
[Black "Puzko, Danila"]
[Result "1-0"]
[WhiteElo "2219"]
[BlackElo "1957"]
[PlyCount "51"]
[EventDate "2012.10.27"]
[EventType "swiss"]
[EventRounds "9"]
[EventCountry "RUS"]
[SourceTitle "EXT 2013"]
[Source "ChessBase"]
[SourceDate "2012.11.22"]
[SourceVersion "1"]
[SourceVersionDate "2012.11.22"]
[SourceQuality "1"]

1. d4 Nf6 2. c4 c5 3. d5 b5 4. cxb5 a6 5. b6 d6 6. Nc3 Qxb6 7. e4 g6 8. a4 Bg7 9. a5 Qc7 10. Be2 0-0 11. Nf3 Bg4 12. Nd2 Bxe2 13. Qxe2 Nbd7 14. Nc4 Rfb8 15. 0-0 Qb7 16. f4 Ne8 17. e5 Nf8 18. f5 dxe5 19. Nxe5 Nf6 20. fxg6 hxg6 21. Ra4 Re8 22. Rh4 N8d7 23. Nxf7 Nf8 24. Nh6+ Bxh6 25. Bxh6 Qd7 26. Qd3 1-0

[Event "Chigorin Memorial 20th"]
[Site "St Petersburg"]
[Date "2012.10.29"]
[Round "3"]
[White "Klimshin, Ilia"]
[Black "Puzko, Danila"]
[Result "0-1"]
[WhiteElo "1734"]
[BlackElo "1957"]
[PlyCount "72"]
[EventDate "2012.10.27"]
[EventType "swiss"]
[EventRounds "9"]
[EventCountry "RUS"]
[SourceTitle "EXT 2013"]
[Source "ChessBase"]
[SourceDate "2012.11.22"]
[SourceVersion "1"]
[SourceVersionDate "2012.11.22"]
[SourceQuality "1"]

1. e4 c5 2. Nf3 Nc6 3. d4 cxd4 4. Nxd4 e5 5. Nb5 d6 6. N1c3 a6 7. Na3 b5 8. Nd5 Nge7 9. c4 Nd4 10. cxb5 Nxd5 11. exd5 Be7 12. bxa6 Qa5+ 13. Bd2 Qxd5 14. Nc2 Qe4+ 15. Ne3 Bg5 16. Rc1 0-0 17. a3 Be6 18. Rc3 Bxe3 19. Bxe3 Rfc8 20. f3 Nc2+ 21. Kf2 Nxe3 22. Rxe3 Qc6 23. Bd3 Qb6 24. Qd2 f5 25. Ke2 Rab8 26. b3 Qxb3 27. Bxf5 Qb5+ 28. Bd3 Bc4 29. Kf2 Qxa6 30. Bxc4+ Qxc4 31. Qxd6 Rb2+ 32. Kg3 Rf8 33. Qxe5 Qc2 34. Qe6+ Kh8 35. Qf7 Qxg2+ 36. Kh4 g5+ 0-1

[Event "Liptovsky Mikulas CupT U20"]
[Site "Liptovsky Mikulas"]
[Date "2012.06.27"]
[Round "9.3"]
[White "Kanakova, Natalie"]
[Black "Puzko, Danila"]
[Result "0-1"]
[WhiteElo "1612"]
[BlackElo "1958"]
[PlyCount "94"]
[EventDate "2012.06.22"]
[EventType "team-swiss"]
[EventRounds "9"]
[EventCountry "SVK"]
[SourceTitle "CBM 149 Extra"]
[Source "ChessBase"]
[SourceDate "2012.08.24"]
[SourceVersion "1"]
[SourceVersionDate "2012.08.24"]
[SourceQuality "1"]
[WhiteTeam "Beskydy Chess School"]
[BlackTeam "St Petersburg"]
[WhiteTeamCountry "CZE"]
[BlackTeamCountry "RUS"]

1. e4 e5 2. Nf3 Nc6 3. Bb5 a6 4. Ba4 Nf6 5. 0-0 b5 6. Bb3 Be7 7. Re1 0-0 8. c3 d5 9. exd5 Nxd5 10. Nxe5 Nxe5 11. Rxe5 c6 12. d4 Bd6 13. Re2 Qh4 14. g3 Qh5 15. Re4 Qg6 16. Bc2 Bf5 17. Re2 Bxc2 18. Qxc2 f5 19. Nd2 Qg4 20. f3 Qh3 21. c4 Rae8 22. Nf1 Nb4 23. Qd2 f4 24. c5 Bc7 25. Rxe8 Rxe8 26. gxf4 Nd5 27. Qf2 Bxf4 28. Bd2 Bxd2 29. Nxd2 Nf4 30. Ne4 Re6 31. Kh1 Qf5 32. Qh4 Rxe4 33. Qd8+ Kf7 34. Qc7+ Re7 35. Qxc6 Qd5 36. Qxd5+ Nxd5 37. Rc1 Re2 38. c6 Nc7 39. d5 Rd2 40. Rc5 Rxd5 41. Rxd5 Nxd5 42. Kg2 Ke6 43. Kf2 Kd6 44. c7 Nxc7 45. Ke3 Ke5 46. h3 Nd5+ 47. Kf2 Nb4 0-1

[Event "Liptovsky Mikulas CupT U20"]
[Site "Liptovsky Mikulas"]
[Date "2012.06.24"]
[Round "5.3"]
[White "Petras, Marian"]
[Black "Puzko, Danila"]
[Result "1-0"]
[WhiteElo "1959"]
[BlackElo "1958"]
[PlyCount "57"]
[EventDate "2012.06.22"]
[EventType "team-swiss"]
[EventRounds "9"]
[EventCountry "SVK"]
[SourceTitle "CBM 149 Extra"]
[Source "ChessBase"]
[SourceDate "2012.08.24"]
[SourceVersion "1"]
[SourceVersionDate "2012.08.24"]
[SourceQuality "1"]
[WhiteTeam "Liptov Chess School"]
[BlackTeam "St Petersburg"]
[WhiteTeamCountry "SVK"]
[BlackTeamCountry "RUS"]

1. e4 c5 2. Nf3 Nc6 3. d4 cxd4 4. Nxd4 e5 5. Nb5 d6 6. N1c3 a6 7. Na3 b5 8. Nd5 Nge7 9. Bg5 h6 10. Bxb5 axb5 11. Nxb5 Nd4 12. Nbc7+ Kd7 13. Bxe7 Bxe7 14. Nxa8 Bb7 15. Nac7 Ne6 16. Nxe6 fxe6 17. Nxe7 Qxe7 18. Qd3 Qh4 19. 0-0-0 Qe7 20. Qb5+ Bc6 21. Qxe5 Kc7 22. Rxd6 Qxd6 23. Qxg7+ Bd7 24. Qxh8 Qf4+ 25. Kb1 Qxe4 26. Qc3+ Bc6 27. Qg3+ e5 28. f3 Qd4 29. Re1 1-0

[Event "Liptovsky Mikulas CupT U20"]
[Site "Liptovsky Mikulas"]
[Date "2012.06.24"]
[Round "4.3"]
[White "Puzko, Danila"]
[Black "Danada, Tomas"]
[Result "1-0"]
[WhiteElo "1958"]
[BlackElo "2066"]
[PlyCount "45"]
[EventDate "2012.06.22"]
[EventType "team-swiss"]
[EventRounds "9"]
[EventCountry "SVK"]
[SourceTitle "CBM 149 Extra"]
[Source "ChessBase"]
[SourceDate "2012.08.24"]
[SourceVersion "1"]
[SourceVersionDate "2012.08.24"]
[SourceQuality "1"]
[WhiteTeam "St Petersburg"]
[BlackTeam "Osuske"]
[WhiteTeamCountry "RUS"]
[BlackTeamCountry "SVK"]

1. e4 c6 2. d4 d5 3. f3 dxe4 4. fxe4 e5 5. Nf3 Bg4 6. Bc4 Nd7 7. 0-0 Ngf6 8. Be3 Bd6 9. Nbd2 0-0 10. c3 Bh5 11. Qe1 Re8 12. Nh4 exd4 13. Bxd4 Qc7 14. g3 Rad8 15. Nf5 Be5 16. Qe3 c5 17. Bxe5 Qxe5 18. Rae1 a6 19. Qg5 Bg6 20. Nf3 Qc7 21. N3h4 b5 22. Nxg6 hxg6 23. Qxg6 1-0

[Event "Chigorin Memorial 19th"]
[Site "St Petersburg"]
[Date "2011.10.14"]
[Round "1"]
[White "Puzko, Danila"]
[Black "Tilicheev, Viacheslav"]
[Result "0-1"]
[WhiteElo "1955"]
[BlackElo "2389"]
[PlyCount "90"]
[EventDate "2011.10.14"]
[EventType "swiss"]
[EventRounds "9"]
[EventCountry "RUS"]
[SourceTitle "CBM 144 Extra"]
[Source "ChessBase"]
[SourceDate "2011.10.28"]
[SourceVersion "1"]
[SourceVersionDate "2011.10.28"]
[SourceQuality "1"]

1. e4 c5 2. c3 Nf6 3. e5 Nd5 4. d4 cxd4 5. Nf3 Nc6 6. cxd4 d6 7. Bc4 Nb6 8. Bb5 dxe5 9. Nxe5 Bd7 10. Bxc6 Bxc6 11. 0-0 Bd5 12. Nc3 e6 13. Be3 Be7 14. Rc1 0-0 15. a3 f6 16. Nf3 Bc6 17. Nd2 Nd5 18. Qe2 Nxc3 19. Rxc3 Qd5 20. Qf3 Qb5 21. Qh3 Bd5 22. b4 a5 23. Rfc1 axb4 24. axb4 Bxb4 25. Rc7 Bd6 26. R7c3 Ra3 27. Ne4 Rxc3 28. Nxc3 Qb3 29. Bd2 Rc8 30. Qe3 Bb4 31. h3 Kf7 32. Kh2 Bd6+ 33. g3 Rc6 34. Rb1 Rxc3 35. Rxb3 Rxb3 36. Qe1 h6 37. Bf4 Bxf4 38. gxf4 Rf3 39. Qd2 Kg6 40. Qe1 Rxf4 41. Qc3 Rxf2+ 42. Kg1 Rf3 43. Qc8 Rxh3 44. Qe8+ Kh7 45. Qf7 Rh4 0-1